000 00508nam a22001817a 4500
003 CEME
005 20210628204035.0
008 210107b xxu||||| |||| 00| 0 eng d
020 _a9788184871500
040 _cceme
082 _a512.2 KUM
100 _aKumar, Devendra
_968389
245 _aLinear algebra, concepts and applications
260 _aNEW DELHI
_bNAROSA
_c2012
300 _aX, 244P
650 _aLINEAR ALGEBRA.LINEAR ALGEBRA-CONCEPTS.LINEAR ALGEBRA APPLICATIONS
_968390
942 _cBK
_2ddc
999 _c575982
_d575982